Statistics for THE OFFICE TRIVIA

Click here to take the quiz!

General Stats

  • This quiz has been taken 1,757 times
  • The average score is 10 of 15

Answer Stats

HintAnswer% Correct
Dunder Mifflin, Inc. is bought out by what company in season six?Sabre
96%
What does Michael get for Ryan in season two's alleged Secret Santa?iPod
92%
The Scranton public school district students on the unfortunate end of a Michael Scott promise to pay for their college tuition upon graduating high school are called "Scott's ____".Tots
92%
In an attempt to demonstrate the psychological dangers of an office environment, Michael and Dwight use a ___________ as a test object for staged suicide onto a trampoline.Watermelon
91%
According to Darryl in season three, how many people are killed per year by balers?10
80%
In Michael's rabies awareness event in season four, how far is the run?5k
80%
Per the episode's title, in season six Andy and Dwight believe an insurance salesman to actually be a member of the _____.Mafia
80%
Jim and Pam's makeshift Office Olympics medals are actually made out of paperclips and ______ ____.Yogurt Lids
76%
In "Hot Girl" (season one), what actress plays 'Katie', the purse saleswoman?Amy Adams
70%
"I can't believe you ____!" - Dwight. "That's what she said." - Michael.Came
60%
"We must honorably adhere to the rules we are making up on the spot." - Andy on the board game, "______".Dallas
52%
What actor plays the role of 'Robert California'?James Spader
38%
In "Stress Relief" (season five), David Wallace notes that the training dummy that Dwight stabs costs $____ to replace.3500
33%
"New York, New York! The city so nice, they named it twice. _________ is the other name." - MichaelManhattan
30%
The episode in which Michael, Jim, and Dwight play a prank on the Utica branch goes by the title of "______ ____".Branch Wars
28%

Score Distribution

Percentile by Number Answered

Percent of People with Each Score

Your Score History

You have not taken this quiz